00767nam a22001937a 4500999001900000010001500019020003100034035001400065037001300079082001100092100001900103245006400122260004000186270012800226300002000354500003900374942002500413952013500438 c166961d166961 aENG-126188 a978-93-8212-771-0c2495.00 aEN-109720 bDBAD/PUB a543.08 aAhluwalia V.K. aInstrumental Method of Chemical Analysis/cby V.K.Ahluwalia aNew DelhibAne Books Pvt.Ltd.c2017 a4821,Parwana Bhawan 1st Floor 24 Ansari Road, Darya GanjbNew Delhi e110002k+91(011)23276843,2814209manebookschennai.com a592p.b24cm(hb) ait Includes Index and Bibliography 2ddccENh543.08mAHL 001040708NFICaAVbAVd2019-08-19eDBAD/PUBg2495.00l1o543.08 AHLpEN-109720r2022-11-21 00:00:00s2022-11-10t1v2495.00yEN